000 00826nam a22002657a 4500
999 _c13493
_d13493
003 AR-CdUCM
008 190415b ||||| |||| 00| 0 spa d
040 _aMUNICIPALIDAD PROVINCIAL DEL CUSCO
_cBIBLIOTECA MUNICIPAL DEL CUSCO
082 _aES / 373.869
_bC95
110 _aMiisterio de cultura
_931929
245 _aCuento premio regional de cultura 2015 /
260 _aCusco :
_bCh'aska Mayu,
_c2015.
300 _a98 Paginas ;
_bilustraciones, graficos, dibujos,
_c21 cm.
500 _aCuentos en quechua
650 _aCuentos
_9217
650 _aHiatoria
_94227
650 _aLiteratura
_983
650 _aCusco
_9772
650 _aSiglo XX
_98
700 _aCardenas, Aleyda
_931930
700 _aConde, Antonieta
_931931
700 _aArqque, Hilario
_931932
942 _2ddc
_cLIBROS
945 _apjha
_d2019-04-15